<?xml version="1.0" encoding="UTF-8"?>
<collection xmlns="http://www.loc.gov/MARC21/slim">
 <record>
  <leader>00932nab a2200145 i 4500</leader>
  <controlfield tag="001">delm137835</controlfield>
  <controlfield tag="005">20200109093800.0</controlfield>
  <controlfield tag="008">200109s2007    hu      o     0||   hun d</controlfield>
  <datafield tag="040" ind1=" " ind2=" ">
   <subfield code="a">SZTE Délmagyarország Archívum</subfield>
   <subfield code="b">hun</subfield>
  </datafield>
  <datafield tag="041" ind1=" " ind2=" ">
   <subfield code="a">hun</subfield>
  </datafield>
  <datafield tag="245" ind1="0" ind2="0">
   <subfield code="a">Gabonakutatók elismerései</subfield>
   <subfield code="h">[elektronikus dokumentum]</subfield>
  </datafield>
  <datafield tag="260" ind1=" " ind2=" ">
   <subfield code="c">2007-03-12</subfield>
  </datafield>
  <datafield tag="300" ind1=" " ind2=" ">
   <subfield code="a">5</subfield>
  </datafield>
  <datafield tag="490" ind1="0" ind2=" ">
   <subfield code="a">Délmagyarország</subfield>
   <subfield code="v">97 No. 60</subfield>
  </datafield>
  <datafield tag="695" ind1=" " ind2=" ">
   <subfield code="a">Kertész Zoltán, Szániel Imre, Petróczi István, Vastag József, Papp Elemérné, Lendvai Józsefné, Koós Endre, Gavallér József, Géczi Lajosné, Pálfalviné Havrincsák Zsuzsanna, Szeged, Kitüntetés Magyar Köztársasági Érdemrend Lovakersztje, Kitüntetés Magyar Köztársasági Érdemkereszt, Kitüntetés Magyar Agrárgazdasági Minőség-díj, Kitüntetés Ujhelyi Imre-díj, Kitüntetés Életfa-emlékplakett, Kitüntetés Miniszteri elismerő oklevél, Gabonatermesztési Kutató Kht. (Szeged), Eseménynaptár Szeged 2007. 03.</subfield>
  </datafield>
 </record>
</collection>
